Os ratos (Record no. 44772)

MARC details
000 -Etiqueta do registo
Valores 00639nam a2200229 4500
010 ## - Número ISBN
ISBN 9727951317
021 ## - Número do Depósito Legal
Número 232351/05
100 ## - Dados gerais de processamento
Dados gerais 20070109d2005 m y0pory5003 ba
101 0# - Língua de publicação
Língua por
102 ## - País de publicação
País PT
200 1# - Titulo e menção de responsabilidade
Título próprio Os ratos
Primeira menção de responsabilidade Dyonelio Machado
Outras menções de responsabilidade posf. Ettore Finazzi-Agrò
205 ## - Menção da edição
Edição [1.ª ed.]
210 #9 - Publicação
Local de publicação Lisboa
Nome do editor Cotovia,
Data de publicação 2005
215 ## - Descrição física 
Paginação / Volumes 173, [3] p.
Dimensões 21 cm
225 2# - Colecção 
Título próprio da colecção Curso breve de literatura brasileira
Indicação de volume 7
675 ## - CDU
Notação 821.134.3(81)-31"19"
Edição BN
Língua por
700 #1 - Autor principal
Apelido Machado,
Nome Dyonelio,
Datas 1895-1985
702 #1 - Autor secundário
Apelido Finazzi-Agró,
Nome Ettore,
Datas 1950-
Função 075
801 #0 - Fonte de origem
País PT
Agência BN
Regras de catalogação RPC
990 ## - Elementos KOHA
Tipo de documento Livro
Holdings
Aquisição Empréstimo Código de barras Cota Permissão de empréstimo Tipo de documento
Biblioteca Municipal de Redondo Biblioteca Municipal de Redondo 054896 821.134.3(81)-3 MAC   Livro

Powered by Koha